Avicenna and the visionary recital / (Record no. 32066)
[ view plain ]
| 000 -LEADER | |
|---|---|
| fixed length control field | 01085cam a22003011 4500 |
| 001 - CONTROL NUMBER | |
| control field | 32066 |
| 003 - CONTROL NUMBER IDENTIFIER | |
| rucl marc code | BD-RjUL |
| 005 - DATE AND TIME OF LATEST TRANSACTION | |
| control field | 20211209051802.0 |
| 008 - FIXED-LENGTH DATA ELEMENTS--GENERAL INFORMATION | |
| fixed length control field | 140423s1960 nyu 001 0 eng |
| 035 ## - SYSTEM CONTROL NUMBER | |
| System control number | (BD-RjUL)32155 |
| 040 ## - CATALOGING SOURCE | |
| Original cataloging agency | DLC |
| Transcribing agency | MB |
| Modifying agency | DLC |
| -- | BD-RjUL |
| Language of cataloging | eng |
| 041 1# - LANGUAGE CODE | |
| Language code of text/sound track or separate title | engfre |
| 082 00 - DEWEY DECIMAL CLASSIFICATION NUMBER | |
| Classification number | 189.5 |
| Author mark and year | COA 1960 |
| 100 1# - MAIN ENTRY--PERSONAL NAME | |
| Personal name | Corbin, Henry. |
| 9 (RLIN) | 97580 |
| 245 10 - TITLE STATEMENT | |
| Title | Avicenna and the visionary recital / |
| Statement of responsibility, etc. | Translated from the French by Willard R. Trask. |
| 260 ## - PUBLICATION, DISTRIBUTION, ETC. (IMPRINT) | |
| Place of publication, distribution, etc. | New York : |
| Name of publisher, distributor, etc. | Pantheon Books, |
| Date of publication, distribution, etc. | 1960. |
| 300 ## - PHYSICAL DESCRIPTION | |
| Pagination | xiii, 423 p. ; |
| Size | 27 cm. |
| 500 ## - GENERAL NOTE | |
| General note | Includes translations of Avicenna's Risālat Ḥayy ibn Yaqẓān. |
| 504 ## - BIBLIOGRAPHY, ETC. NOTE | |
| Bibliography, etc | Bibliography: p. 385-393. |
| 505 0# - FORMATTED CONTENTS NOTE | |
| Formatted contents note | The cycle of Avicennan recitals.--Translation of the Persian commentary on the recital of Ḥayy ibn Yaqẓān. |
| 600 00 - SUBJECT ADDED ENTRY--PERSONAL NAME | |
| Personal name | Avicenna, |
| Dates associated with a name | 980-1037. |
| 700 0# - ADDED ENTRY--PERSONAL NAME | |
| Personal name | Avicenna, |
| Dates associated with a name | 980-1037. |
| 942 ## - ADDED ENTRY ELEMENTS (KOHA) | |
| Source of classification or shelving scheme | Dewey Decimal Classification |
| Koha item type | Books |
| Lost status | Source of classification or shelving scheme | Damaged status | Not for loan | Collection code | Permanent Location | Current Location | Shelving location | Date acquired | Source of acquisition | Cost, normal purchase price | Total Checkouts | Full call number | Date last seen | Copy number | Koha item type |
|---|---|---|---|---|---|---|---|---|---|---|---|---|---|---|---|
| Dewey Decimal Classification | Non-fiction | Central Library, University of Rajshahi | Central Library, University of Rajshahi | 18/07/1964 | Zitlinger | 60.00 | 189.5 COA 1960 | 23/04/2014 | C-2 | Books | |||||
| Dewey Decimal Classification | Not For Loan | Non-fiction | Central Library, University of Rajshahi | Central Library, University of Rajshahi | 18/07/1964 | Zitlinger | 60.00 | 189.5 COA 1960 | 23/04/2014 | C-1 | Books |